Aktuálne výzvy a budúcnosť remarketingu diplomová práca

Guardado en:
Detalles Bibliográficos
Autor principal: Paška, Jakub
Autor Corporativo: Obchodná fakulta EU. Katedra marketingu
Otros Autores: Hasan, Jamal
Formato: Libro
Lenguaje:eslovaco
Publicado: Bratislava 2020
Etiquetas: Agregar Etiqueta
Sin Etiquetas, Sea el primero en etiquetar este registro!

MARC

LEADER 00000nbm a2200000 4500
001 0266363
005 20201006135604.5
041 0 |a slo 
044 |a SK 
245 1 0 |a Aktuálne výzvy a budúcnosť remarketingu  |b diplomová práca  |c Jakub Paška ; školiteľ: Jamal Hasan 
264 1 |a Bratislava  |c 2020 
300 |a 66 s. 
100 1 |a Paška, Jakub 
700 1 |a Hasan, Jamal 
710 2 |a Obchodná fakulta EU. Katedra marketingu